Systems network architecture : a tutorial /

Bibliographic Details
Main Author: Meijer, Anton, 1941-
Format: Book
Language:English
Published: London : New York : Pitman ; Wiley, 1988.
Subjects:

MARC

Tag First Indicator Second Indicator Subfields
LEADER 00000cam a22000008a 4500
001 in00000031149
005 20151007060314.0
008 870924s1988 enka b 00110 eng
010 |a  87028424  
020 |a 047021015X (Wiley) 
035 |a (OCoLC)16923830 
035 |9 AAC0538AM 
040 |a DLC  |c DLC  |d TXA  |d UtOrBLW 
049 |a TXAM  |c [A11076605] 
050 0 0 |a TK5105.5  |b .M443 1988 
082 0 |a 004.6/5  |2 19 
100 1 |a Meijer, Anton,  |d 1941- 
245 1 0 |a Systems network architecture :  |b a tutorial /  |c Anton Meijer. 
263 |a 8801 
264 1 |a London :  |b Pitman ;  |a New York :  |b Wiley,  |c 1988. 
300 |a ix, 223 pages :  |b illustrations 
336 |a text  |b txt  |2 rdacontent 
337 |a unmediated  |b n  |2 rdamedia 
338 |a volume  |b nc  |2 rdacarrier 
504 |a Bibliography: pages 214-216. 
500 |a Includes index. 
650 0 |a SNA (Computer network architecture) 
650 0 |a Computer network architectures. 
999 |a MARS 
999 f f |s 63abaa85-edcc-3e19-b7df-da9fc7d61518  |i 80fcfb04-b1d9-3816-ad9b-fbce9e0d7169  |t 0 
952 f f |p ric  |a Texas A&M University  |b Rellis Campus  |c Joint Library Facility  |d Remote Storage  |t 0  |e TK5105.5 .M443 1988  |h Library of Congress classification  |i unmediated -- volume  |m A14811076605 
998 f f |a TK5105.5 .M443 1988  |t 0  |l Remote Storage